Países africanos com maior IDH - Statistics

Estatísticas Gerais
  • Esse quiz foi jogado 213 vezes
  • A pontuação média é 8 de 10
Estatísticas das Respostas
IDH País % Correto
0,713 África do Sul
99%
0,731 Egito
97%
0,683 Marrocos
95%
0,745 Argélia
94%
0,731 Tunísia
84%
0,718 Líbia
83%
0,785 Seychelles
75%
0,808 Maurício
70%
0,693 Botswana
64%
0,706 Gabão
58%
Nenhum quiz correspondente encontrado
Distribuição das Pontuações
Porcentagem de Pessoas com Cada Pontuação
Percentil de Números Respondidos
Sua Pontuação Histórica
Você não jogou esse quiz